[Event "Catalao op 1st"]
[Site "Catalao"]
[Date "2019.03.10"]
[Round "4"]
[White "Dorneles, Luiz Eduardo Fonsec"]
[Black "Dos Santos, Mariana Dias"]
[Result "1-0"]
[WhiteElo "1042"]
[BlackElo "1800"]
[PlyCount "40"]
[EventDate "2019.02.09"]
[EventType "swiss"]
[EventRounds "5"]
[EventCountry "BRA"]
[SourceTitle "CBM 189 Extra"]
[Source "ChessBase"]
[SourceDate "2019.06.03"]
[SourceVersion "1"]
[SourceVersionDate "2019.06.03"]
[SourceQuality "1"]

1. e4 e5 2. d4 f6 3. dxe5 fxe5 4. Qh5+ g6 5. Qxe5+ Qe7 6. Qxh8 Qb4+ 7. c3 Qxe4+ 8. Be3 d6 9. h4 h5 10. Rh3 Be6 11. Bb5+ c6 12. Bf1 Nd7 13. Nd2 Qe5 14. Bc4 Qf5 15. Bxe6 Qxe6 16. b4 b6 17. a4 0-0-0 18. a5 Kb7 19. axb6 axb6 20. Kd1 Ne7 1-0

[Event "Catalao op 1st"]
[Site "Catalao"]
[Date "2019.02.09"]
[Round "3"]
[White "Martins, Arthur Nunes"]
[Black "Dos Santos, Mariana Dias"]
[Result "1-0"]
[WhiteElo "1247"]
[BlackElo "1800"]
[PlyCount "49"]
[EventDate "2019.02.09"]
[EventType "swiss"]
[EventRounds "5"]
[EventCountry "BRA"]
[SourceTitle "CBM 189 Extra"]
[Source "ChessBase"]
[SourceDate "2019.06.03"]
[SourceVersion "1"]
[SourceVersionDate "2019.06.03"]
[SourceQuality "1"]

1. e4 e5 2. Nf3 Nc6 3. Bc4 Qe7 4. Nc3 Nf6 5. 0-0 d6 6. d3 Bd7 7. Bg5 0-0-0 8. Nd5 h6 9. Nxe7+ Bxe7 10. Bxf6 Bxf6 11. Bxf7 Rhf8 12. Bd5 Na5 13. Qd2 b6 14. a3 a6 15. b4 Nb7 16. Bc4 b5 17. Bb3 g5 18. a4 c6 19. axb5 c5 20. Rxa6 Bxb5 21. Rb6 Bd7 22. bxc5 Nxc5 23. Rxd6 Nxb3 24. cxb3 Bg7 25. Qc3+ 1-0